[Event "FRM-ch"]
[Site "Ohrid"]
[Date "2017.08.15"]
[Round "3"]
[White "Velickovski Nejkovic, Maja"]
[Black "Dashi, Vasillaq"]
[Result "1-0"]
[WhiteElo "2140"]
[BlackElo "1802"]
[PlyCount "83"]
[EventDate "2017.08.13"]
[EventType "swiss"]
[EventRounds "9"]
[EventCountry "MKD"]
[SourceTitle "CBM 180 Extra"]
[Source "ChessBase"]
[SourceDate "2017.10.06"]
[SourceVersion "1"]
[SourceVersionDate "2017.10.06"]
[SourceQuality "1"]

1. c4 Nf6 2. Nc3 g6 3. Nf3 Bg7 4. g3 d5 5. cxd5 Nxd5 6. Bg2 0-0 7. 0-0 c5 8. a3 Nc6 9. Qc2 Nb6 10. d3 Nd4 11. Nxd4 cxd4 12. Ne4 h6 13. a4 Rb8 14. a5 Nd5 15. Qc5 b6 16. axb6 axb6 17. Qxd5 Qxd5 18. Nf6+ Bxf6 19. Bxd5 Kg7 20. Ra7 Bh3 21. Re1 Rfd8 22. Bf4 Rbc8 23. Bc4 Rd7 24. Ra6 e5 25. Bd2 Bd8 26. Rea1 Rdc7 27. f3 f5 28. Kf2 g5 29. Ra7 e4 30. fxe4 fxe4 31. dxe4 Kf6 32. Bd3 Ke5 33. e3 Rxa7 34. Rxa7 Bc7 35. Ke1 Bd6 36. Rh7 Ra8 37. Rxh6 Ra1+ 38. Kf2 dxe3+ 39. Bxe3 Be6 40. Bxg5 Bc5+ 41. Be3 Ra2 42. Rxe6+ 1-0

[Event "Novi Sad Serbian op"]
[Site "Novi Sad"]
[Date "2016.11.09"]
[Round "5"]
[White "Omorjan, Dejan"]
[Black "Velickovski Nejkovic, Maja"]
[Result "1-0"]
[WhiteElo "2235"]
[BlackElo "2119"]
[PlyCount "61"]
[EventDate "2016.11.06"]
[EventType "swiss"]
[EventRounds "9"]
[EventCountry "SRB"]
[SourceTitle "CBM 175 Extra"]
[Source "ChessBase"]
[SourceDate "2016.12.12"]
[SourceVersion "1"]
[SourceVersionDate "2016.12.12"]
[SourceQuality "1"]

1. d4 Nf6 2. Nf3 c5 3. d5 d6 4. c4 g6 5. Nc3 Bg7 6. e4 Nbd7 7. Be2 0-0 8. 0-0 a6 9. a4 b6 10. h3 Ne8 11. Be3 Rb8 12. Qd2 Nc7 13. Bh6 Ne5 14. Nxe5 dxe5 15. Be3 Ne8 16. a5 Nd6 17. axb6 Qxb6 18. b4 Qxb4 19. Rfb1 Bd7 20. Rxb4 cxb4 21. f3 Nxc4 22. Bxc4 Rfc8 23. Na4 Rxc4 24. Nb6 Rc7 25. Rxa6 Bb5 26. Ra5 Be8 27. Qxb4 Rcb7 28. Qa3 Bf6 29. Ra8 Kg7 30. Rxb8 Rxb8 31. Qa7 1-0